Cat Breeds Quiz - Statistics

General Stats
  • This quiz has been taken 23 times
  • The average score is 17 of 46
Answer Stats
Answer % Correct
Maine Coon
80%
Persian
80%
Abyssinian
60%
Bengal
60%
British Shorthair
60%
Siamese
60%
American Shorthair
53%
Cornish Rex
53%
Manx
53%
Munchkin
53%
Ragdoll
53%
Russian Blue
53%
Siberian
53%
Devon Rex
47%
Himalayan
47%
Sphynx
47%
Birman
40%
Bombay
40%
Burmese
40%
Scottish Fold
40%
American Curl
33%
Chartreux
33%
Egyptian Mau
33%
Norwegian Forest
33%
Ocicat
33%
Turkish Angora
33%
American Bobtail
27%
Balinese
27%
Exotic Shorthair
27%
Oriental
27%
Ragamuffin
27%
Savannah
27%
Somali
27%
Tonkinese
27%
Havana Brown
20%
Japanese Bobtail
20%
Selkirk Rex
20%
Singapura
20%
Turkish Van
20%
American Wirehair
13%
European Burmese
13%
Korat
13%
LaPerm
13%
Peterbald
13%
Pixiebob
13%
Toyger
7%
No matching quizzes found
Score Distribution
Percent of People with Each Score
Percentile by Number Answered
Your Score History
You have not taken this quiz